Integrácia systému na distribúciu datasetov do HCPortal

Na minha lista:
Detalhes bibliográficos
Autor principal: Vrbovský, Michal (Author)
Outros Autores: Antal, Eugen (Thesis advisor)
Formato: Manuscrito Livro
Idioma:eslovaco
Publicado em: 2025
Assuntos:
Acesso em linha:http://is.stuba.sk/zp/portal_zp.pl?podrobnosti=184439
Tags: Adicionar Tag
Sem tags, seja o primeiro a adicionar uma tag!

MARC

LEADER 00000ntm a22000003a 4500
001 stuzp101731
003 SK-STU
005 20250614210816.6
007 ta
008 150427s2015----xo-----f-mn---000-0-slo-d
040 |a STU  |b slo 
041 0 |a slo 
100 1 |a Vrbovský, Michal  |u 035000  |4 aut  |U FEI Fakulta elektrotechniky a informatiky  |T FEI Ústav informatiky a matematiky  |X 111491  |U E050  |Y 816  |7 111491 
242 0 1 |a Dataset distribution system integration into HCPortal  |y eng 
245 1 0 |a Integrácia systému na distribúciu datasetov do HCPortal 
260 |c 2025 
650 4 |a HCPortal  |2 eng 
650 4 |a Livewire  |2 eng 
650 4 |a Historical Manuscripts  |2 eng 
650 4 |a Image Annotation  |2 eng 
650 4 |a Dataset Management  |2 eng 
650 4 |a HCPortal  |2 slo 
650 4 |a Livewire  |2 slo 
650 4 |a Správa datasetov  |2 slo 
650 4 |a Historické rukopisy  |2 slo 
650 4 |a Anotácia obrázkov  |2 slo 
700 1 |a Antal, Eugen  |u 035000  |k Z1  |4 ths  |U FEI Fakulta elektrotechniky a informatiky  |T FEI Ústav informatiky a matematiky  |X 36087  |U E050  |Y 816  |7 A000036087 
856 4 |u http://is.stuba.sk/zp/portal_zp.pl?podrobnosti=184439